MDQL
is popping MORE tags! Check the
thread
!
Quizzes
Events
Quiz Creation
Community
Videos
Private Events
Remove Ads
Sign In
Join for FREE
Feedback
Dark Mode
Quiz Categories
Sports
Geography
Music
Movies
Television
Just For Fun
Miscellaneous
History
Literature
Language
Science
Gaming
Entertainment
Religion
Holiday
For Kids
Quiz Lab
Recent
Popular Today
Quiz Kudos Today
Editor Picks
Curator Picks
Quizzes by...
Day
Popularity
Type
Ratings
Length
Year
Community
Subscriptions
Recent Discussions
Orange Saloon
Badges
Playlists
Quests
Create
Leaderboards
Showdown
Live 5
Trivia Bingo
Activity
Puzzle Library
Sporcle Events
Private Events
Virtual Trivia
Globe League
Become a Host
Pub Owners
SporcleCon
Opinionation
Our Games
Videos
Blog
Mobile Apps
Partnerships
Remove Ads and Go Orange
Feedback
Sports
Athletes
MLB
NBA
NHL
NFL
Soccer
Sports Teams
WWE
NCAA
Football
Premier League
Basketball
Baseball
Hockey
Golf
Tennis
Cricket
Rugby
Auto Racing
Olympics
World Cup
Sports
Athletes
MLB
NBA
NHL
NFL
Soccer
Sports Teams
WWE
NCAA
Football
Premier League
Basketball
Baseball
Hockey
Golf
Tennis
Cricket
Rugby
Auto Racing
Olympics
World Cup
Random Quiz
Search Sporcle
×
Quiz Lab
Quiz Lab
Sports
MLB
Type in answers that appear in a list
Type in answers that appear in a list
Classic
Best Score? Go Orange.
MLB 2011 100+ Strikeouts Stats
Can you name the MLB 2011 100+ Strikeouts?
By
p8nt_boy
6m
34 Questions
62 Plays
62 Plays
62 Plays
Comments
Comments
Give Quiz Kudos
Give Quiz Kudos
-
- Ratings
hide this ad
Replay
Link that replays current quiz
Next Quiz
Link to next quiz in quiz playlist
You Got
0%
They Got
Avg Score
54%
Avg Friend Score
Upgrade to see
Score Distribution
Jump to the score distribution portion of the page
Score
0/34
Timer
06:00
0
Plays Today
Strikeouts
Pitcher
% Correct
138
Roy Halladay
96.8%
137
Cliff Lee
96.8%
126
C.C. Sabathia
91.9%
139
Tim Lincecum
90.3%
121
Cole Hamels
87.1%
110
Jon Lester
85.5%
155
Clayton Kershaw
83.9%
153
Justin Verlander
83.9%
140
Felix Hernandez
82.3%
120
Jered Weaver
82.3%
105
Matt Cain
77.4%
137
James Shields
72.6%
132
David Price
72.6%
117
Dan Haren
69.4%
109
Tommy Hanson
67.7%
123
Anibal Sanchez
64.5%
106
Yovani Gallardo
62.9%
Strikeouts
Pitcher
% Correct
117
C.J. Wilson
59.7%
100
Chad Billingsley
53.2%
111
Gio Gonzalez
51.6%
106
Ervin Santana
51.6%
113
Michael Pineda
48.4%
101
Ricky Romero
45.2%
106
Ian Kennedy
43.5%
113
Bud Norris
19.4%
104
Scott Baker
19.4%
100
Jaime Garcia
17.7%
110
Brandon Morrow
14.5%
105
Matt Garza
14.5%
104
Colby Lewis
14.5%
100
A.J. Burnett
14.5%
101
Shaun Marcum
12.9%
111
Ryan Dempster
9.7%
101
Jhoulys Chacin
3.2%
Quiz Playlist
Details
Report
Send in Message
Add To Playlist
Classic:
Type in answers that appear in a list
Last Updated: Feb 16, 2017
Quiz Scoreboard
CHALLENGE
Sign Up to Join the Scoreboard
Show All
Scores
Hide
Comments
May contain spoilers
Recently Published
Two Season TV Shows II
by 123Four
Television
10m
Image Sorting: Flags VI
by Barbecue
Geography
2m
Find the 'City' Movie
by crazypaving
Movies
60s
More to Explore
Quiz From the Vault
Featured Blog Post
14 Easter Pick-up Lines to Find Eggs With
hide this ad
You Might Also Like...
Tags
Baseball Quiz
MLB Quiz
100
2011
Pitchers
Today's Top Quizzes in Sports
Browse Sports
hide this ad
Today's Top Quizzes in MLB
Browse MLB
Top Contributed Quizzes in Sports
1
Les meilleurs buteurs des matchs entre le PSG et l’OM
2
Les entraîneurs de l'OM et du PSG au 21e siècle
3
2022 World Cup Stars
4
Les joueurs passés par le PSG et l'OM
5
Players with Multiple 50 Home Run Seasons
6
Criteria MLB: Left Handed Sluggers
7
FIFA Club World Cup Champions
8
Les joueurs passés par le LOSC et le RC Lens
9
NBA Logic Puzzle 2.0
10
Top 10 NHL Goal Scorers of All Time
Explore More
Trending Topics
Kpop
Disney
NBA
Crossword
Anime
Harry Potter
Marvel
Song
The Office
Puzzle
Country
NFL
WWE
Soccer
Pokémon
hide this ad
More By:
p8nt_boy
Quiz
Plays
Rating
Category
Featured
Created
MLB 2012 Have they started?
332
1.00
Sports
May 6, 2012
MLB 2011 Saves
86
5.00
Sports
May 19, 2011
Starting Pitchers 2011
65
Sports
May 15, 2011
MLB 2011 100+ Strikeouts
62
Sports
Jul 9, 2011
2011 Relievers with 30+ appearances
61
5.00
Sports
Jun 20, 2011
Go to Creator's Profile
Score Distribution
Quiz Creator Spotlight
p8nt_boy
Follow
Send a Message
Quizzes Created
-
Created Quiz Play Count
-
More By This Creator
Popular Quizzes Today
1
Colored Red Africa Blitz
2
Find the US States - No Outlines Minefield
3
Find the 'City' Movie
4
5x2 Blitz: Bands
5
The Countries of the World
6
Find the US States
7
Find the Countries of Europe - No Outlines Minefield
8
US States
More Sports Quizzes
England Players of the Match in Test cricket since 2000
Quiz Lab
Trending Quizzes
Colored Red Europe Blitz I
Colored Red Africa Blitz II
Colored Red Europe Blitz II
Colored Red Africa Blitz III
Colored Red Europe Blitz III
Recently Updated
How Do You Spell That?
pecheneg
Godzilla Movies
pecheneg
Grab Bag: 4-10 Letters
pecheneg
2024 March Madness Bracket
pecheneg
Famous TV Couples
Peacemaker
Champions League XIs: Real Madrid
pecheneg
Largest US Cities 1790-2010
pecheneg
Rides in Walt Disney World
pecheneg
Most Oscar Losses (Acting)
pecheneg
Beyoncé Albums
pecheneg
Trending Topics
Crossword
Kpop
Marvel
NBA
Harry Potter
Disney
Anime
Pokémon
NFL
Soccer
The Office
Country
Puzzle
WWE
Song
Your Account Isn't Verified!
In order to create a playlist on Sporcle, you need to verify the email address you used during registration. Go to your
Sporcle Settings
to finish the process.
Report this User
Report this user for behavior that violates our
Community Guidelines
.
Details:
Send Report
Go to the Sporcle.com Mobile Site →
Comments